000 00335nam a22001457a 4500
008 210310b ||||| |||| 00| 0 eng d
020 _a9781401879396
041 _aeng
080 _22nd
_a61
082 _a61
100 _a4
101 _aSHM
245 _aWorkplace Readiness for Health Occupations
_cColbert,B.J
942 _2udc
_cBK
999 _c56154
_d56154